000
00323nam a22001457a 4500
008
210602b ||||| |||| 00| 0 eng d
020
_a
9780878424030
041
_a
eng
080
_a
37
082
_a
37
100
_a
46
101
_a
EDU
245
_a
Ice Age Mammals of North America
_c
Ian M. Lange
942
_2
udc
_c
BK
999
_c
57929
_d
57929